| 000 | 01128cam a2200313 i 4500 | ||
|---|---|---|---|
| 001 | 1303567 | ||
| 003 | ARRUPE | ||
| 005 | 20220401100803.0 | ||
| 008 | 770921s1978 enk b 001 0 eng | ||
| 010 | _a 77014374 | ||
| 020 | _a0521217695 | ||
| 040 |
_aDLC _cDLC _dDLC |
||
| 050 | 0 | 0 |
_aQ175 _b.L195 vol. 2 _aQA8.6 |
| 082 | 0 | 0 |
_a501 s _a510/.1 |
| 100 | 1 |
_aLakatos, Imre. _915098 |
|
| 245 | 1 | 0 |
_aMathematics, science, and epistemology / _cImre Lakatos ; edited by John Worrall and Gregory Currie. |
| 260 |
_aCambridge ; _aNew York : _bCambridge University Press, _c1978. |
||
| 300 |
_ax, 285 p. ; _c24 cm. |
||
| 490 | 0 | _aHis Philosophical papers ; v. 2 | |
| 500 | _aIncludes indexes. | ||
| 504 | _a"Lakatos bibliography": p. 274-276. | ||
| 504 | _aBibliography: p. 259-273. | ||
| 650 | 0 |
_aMathematics _xPhilosophy. |
|
| 650 | 0 |
_aScience _xPhilosophy. |
|
| 856 | 4 | 2 |
_3Publisher description _uhttp://www.loc.gov/catdir/description/cam041/77014374.html |
| 856 | 4 | 1 |
_3Table of contents _uhttp://www.loc.gov/catdir/toc/cam041/77014374.html |
| 906 |
_a7 _bcbc _corignew _d1 _eocip _f19 _gy-gencatlg |
||
| 942 |
_2lcc _cMONOGRAPH |
||
| 999 |
_c131199 _d131199 |
||